000 00366 a2200133 4500
000 nam a22 7a 4500
100 _aSingh, Hoshiyar
110 _aSingh, Hoshiyar
245 _aResearch Process in Physical Education and Sports Science
250 _aLatest edition
260 _bKhel Sahitya Kendra
_c2025
264 _bKhel Sahitya Kendra
_c2025
942 _cBK
999 _c393702
_d393702